Mechanics of materials (Record no. 7098)

000 -LEADER
fixed length control field 00515nam a2200193 a 4500
001 - CONTROL NUMBER
control field 7098
003 - CONTROL NUMBER IDENTIFIER
control field BD-DhUET
008 - FIXED-LENGTH DATA ELEMENTS--GENERAL INFORMATION
fixed length control field 900618s1991 nyua 001 0 eng
040 ## - CATALOGING SOURCE
Original cataloging agency DLC
Transcribing agency DLC
Modifying agency BD-DhUET
082 00 - DEWEY DECIMAL CLASSIFICATION NUMBER
Classification number 620.11
Item number LAU/1954
100 ## - MAIN ENTRY--PERSONAL NAME
Personal name Laurson,Philip Gustave
245 10 - TITLE STATEMENT
Title Mechanics of materials
250 ## - EDITION STATEMENT
Edition statement 3rd ed.
260 ## - PUBLICATION, DISTRIBUTION, ETC. (IMPRINT)
Place of publication, distribution, etc. New York
Name of publisher, distributor, etc. John wiley & sons
Date of publication, distribution, etc. 1954
300 ## - PHYSICAL DESCRIPTION
Extent vii, 414 p.
Other physical details ill.
Dimensions 25 cm.
650 #0 - SUBJECT ADDED ENTRY--TOPICAL TERM
Topical term or geographic name as entry element Strength of materials engineering
700 ## - ADDED ENTRY--PERSONAL NAME
Personal name Cox, William Junkin
942 ## - ADDED ENTRY ELEMENTS (KOHA)
Koha item type General Book
Holdings
Sublocation or collection (holding branch) Piece designation (barcode) Location (home branch) Date acquired Koha issues (times borrowed) Koha date last borrowed Koha item type Koha full call number Koha date last seen Shelving location Lost status Not for loan Damaged status Koha normalized classification for sorting Copy number Withdrawn status Source of classification or shelving scheme Price effective from
Central Library, BUET74309Central Library, BUET2014-12-0712019-10-30General Book620.11/LAU/19542019-12-04Circulation section   620_000000000000000_11LAU19541  2014-12-07
Central Library, BUET74310Central Library, BUET2014-12-07  General Book620.11/LAU/19542014-12-07Circulation section   620_000000000000000_11LAU19542  2014-12-07
Central Library, BUET17491Central Library, BUET2015-03-30  General Book620.11/LAU/19542015-03-30Circulation section   620_110000000000000_LAU_19543  2015-03-30
Central Library, BUET54025Central Library, BUET2015-04-30  General Book620.11/LAU/19542015-04-30Circulation section   620_110000000000000_LAU_19544  2015-04-30
Central Library, BUET54027Central Library, BUET2015-04-30  General Book620.11/LAU/19542015-04-30Circulation section   620_110000000000000_LAU_19545  2015-04-30
Central Library, BUET54022Central Library, BUET2015-06-20  Reading Item620.11/LAU/19642015-06-20Reading section   620_110000000000000_LAU_19646  2015-06-20
Central Library, BUET54018Central Library, BUET2015-06-20  Reading Item620.11/LAU/19642015-06-20Reading section   620_110000000000000_LAU_19647  2015-06-20
Central Library, BUET54028Central Library, BUET2015-06-29  Reading Item620.11/LAU/19542015-06-29Reading section   620_110000000000000_LAU_19548  2015-06-29
Central Library, BUET54019Central Library, BUET2015-06-29  Reading Item620.11/LAU/19642015-06-29Reading section   620_110000000000000_LAU_19649  2015-06-29
Central Library, BUET54020Central Library, BUET2015-06-29  Reading Item620.11/LAU/19642015-06-29Reading section   620_110000000000000_LAU_196410  2015-06-29
Central Library, BUET54014Central Library, BUET2015-07-01  Reading Item620.11/LAU/19542015-07-01Reading section   620_110000000000000_LAU_195411  2015-07-01